Růžička, Daniel: Major Zeman - propaganda nebo krimi?

Bibliographic Details
Main Author: Kalina, Juraj, 1946- (Author)
Format: Article
Language:Slovak
PhysicalDescription:Fotogr.
ISSN:1336-6297
Subjects:
Online Access:http://www.upn.gov.sk/data/publikacie/pamat-naroda/pamat-naroda-01-2006.pdf

MARC

LEADER 00000nab a2200000 a 4500
001 vtls008845549
003 SK-MaSNL
005 20260304145350.0
008 250505c2006 xo |||| |o| 000 b|slo
015 |a SNBRB2006/09  |2 snkbucl 
035 |a (uuid)d6078282-8fa8-41ab-8919-5d3c70f2adde 
035 |a urn:nbn:sk:snk-abxr7 
035 |a (urnnbn)urn:nbn:sk:snk:ar-0035bx 
038 |a SNKBUCL 
040 |a SNKBUCL  |b slo  |c SNKBUCL  |e AACR2 
041 0 |a slo 
044 |a xo  |c SK 
080 |a 794.43  |x (437)  |x (048)  |2 1997 
100 1 |a Kalina, Juraj,  |d 1946-  |4 aut  |9 1468068 
245 1 0 |a Růžička, Daniel: Major Zeman - propaganda nebo krimi?  |c Juraj Kalina 
300 |b Fotogr. 
630 0 7 |a Tridsať prípadov majora Zemana (televízny seriál)  |2 snkbucl  |9 910694 
650 0 7 |a monografie  |2 snkbucl  |9 256509 
655 7 |a recenzie  |2 snkbucl  |9 21907 
773 0 |t Pamäť národa  |g Č. 1 (2006), s. 90-91  |x 1336-6297 
787 0 8 |i Rec.:  |a Růžička, Daniel, 1971-  |t Major Zeman : propaganda nebo krimi?  |d Praha : Práh, 2005 
850 |a Slovenská národná knižnica 
852 |a Slovenská národná knižnica 
856 4 1 |u http://www.upn.gov.sk/data/publikacie/pamat-naroda/pamat-naroda-01-2006.pdf 
954 |a odborná, vedecká literatúra pôvodná (slovenská)  |2 lita 
958 |a article27 
958 |a RC 
958 |a CZ 
958 |a OND 
958 |a EUIPO 
999 |c 2935339  |d 2937269